[Event "RSA-ch Seniors"]
[Site "Cape Town"]
[Date "2019.12.15"]
[Round "9"]
[White "Solomon, Maxwell"]
[Black "November, Edwin J"]
[Result "1-0"]
[WhiteElo "1999"]
[BlackElo "1618"]
[PlyCount "67"]
[EventDate "2019.12.07"]
[EventType "tourn"]
[EventRounds "11"]
[EventCountry "RSA"]
[SourceTitle "CBM 193 Extra"]
[Source "ChessBase"]
[SourceDate "2020.01.31"]
[SourceVersion "1"]
[SourceVersionDate "2020.01.31"]
[SourceQuality "1"]

1. d4 d5 2. Nf3 e6 3. c4 Nf6 4. Nc3 c6 5. e3 Bd6 6. Bd3 0-0 7. 0-0 Nbd7 8. e4 dxe4 9. Nxe4 Bc7 10. Nxf6+ Nxf6 11. Bg5 h6 12. Bh4 b5 13. cxb5 cxb5 14. Rc1 Bd6 15. Qe2 Rb8 16. Ne5 Bb7 17. Rfd1 Be7 18. Bb1 Qd5 19. f3 Rfc8 20. Rxc8+ Bxc8 21. Qc2 Kf8 22. Bxf6 Bxf6 23. Nc6 Ra8 24. Qh7 g6 25. Be4 Qc4 26. Ne5 Bxe5 27. dxe5 Qc5+ 28. Kh1 Qxe5 29. Qxh6+ Ke7 30. Bxa8 Qxb2 31. Qg5+ f6 32. Qc5+ Kf7 33. Qc7+ Kg8 34. Rd8# 1-0